000 00489nam a2200169Ia 4500
999 _c19529
_d19529
003 OSt
005 20200323111602.0
008 190216s9999||||xx |||||||||||||| ||und||
040 _coclc
082 _a297
_bMAH/I
100 _aMahmudunnasir, Syed
_92156
245 0 _aIslam Its Concept And History /
_cSyed Mahmudunnasir
260 _bDeep&Deep Pub,
_c1987.
_aNewdelhi:
300 _a424p
650 _aIslamic History
942 _cBK
_2ddc
_h297
_iMAH/I
_k297
_mMAH/I